Géographie - Sur quel continent se trouvent ces pays ? - Statistiques

Statistiques générales
  • Ce quiz a été pris 426 fois
  • Le résultat moyen est 47 sur 50
Statistiques - réponses
PAYS CONTINENT % Correct
ANDORRE EUROPE
99%
ANTIGUA-ET-BARBUDA AMERIQUE
98%
BAHAMAS AMERIQUE
98%
CAP-VERT AFRIQUE
97%
BARBADE AMERIQUE
97%
BAHREIN ASIE
97%
CHYPRE EUROPE
97%
COMORES AFRIQUE
96%
BELIZE AMERIQUE
96%
BRUNEI ASIE
96%
GAMBIE AFRIQUE
95%
DOMINIQUE AMERIQUE
95%
GRENADE AMERIQUE
95%
JAMAIQUE AMERIQUE
95%
ISRAEL ASIE
95%
LIBAN ASIE
95%
KOSOVO EUROPE
95%
LUXEMBOURG EUROPE
95%
FIDJI OCEANIE
95%
ESWATINI AFRIQUE
94%
KOWEIT ASIE
94%
MALDIVES ASIE
94%
QATAR ASIE
94%
SINGAPOUR ASIE
94%
LIECHTENSTEIN EUROPE
94%
MALTE EUROPE
94%
MONACO EUROPE
94%
MONTENEGRO EUROPE
94%
SAINT-MARIN EUROPE
94%
SLOVENIE EUROPE
94%
VATICAN EUROPE
94%
MAURICE AFRIQUE
93%
SEYCHELLES AFRIQUE
93%
SAINT-CHRISTOPHE-ET-NIEVES AMERIQUE
93%
SAINT-VINCENT-ET-LES-GRENADINES AMERIQUE
93%
SAINTE-LUCIE AMERIQUE
93%
SALVADOR AMERIQUE
93%
TIMOR ORIENTAL ASIE
93%
KIRIBATI OCEANIE
93%
MARSHALL OCEANIE
93%
MICRONESIE OCEANIE
93%
NAURU OCEANIE
93%
SAMOA OCEANIE
93%
SAO TOME-ET-PRINCIPE AFRIQUE
92%
TRINITE-ET-TOBAGO AMERIQUE
92%
PALAOS OCEANIE
92%
TONGA OCEANIE
92%
TUVALU OCEANIE
92%
VANUATU OCEANIE
92%
NIUE OCEANIE
91%
Aucun quiz correspondant
Distribution des résultats
% des personnes avec chaque résultat
Percentile par nombre de réponses
Votre historique - résultats
Vous n’avez pas pris ce quiz